LEADER 01635oas 2200637 a 450 001 9910694487203321 005 20251106213014.0 035 $a(OCoLC)222230919 035 $a(CONSER) 2008230607 035 $a(CKB)1000000000429040 035 $a(EXLCZ)991000000000429040 100 $a20080411a20089999 ua a 101 0 $aeng 135 $aur||||||||||| 181 $ctxt$2rdacontent 182 $cc$2rdamedia 183 $acr$2rdacarrier 200 00$aFEWS NET executive overview of food security 210 $a[Washington, D.C.] $c[FEWS NET] 215 $avolumes $cdigital, PDF file 311 08$a1943-1953 606 $aFood supply$vPeriodicals 606 $aFamines$vPeriodicals 606 $aFamines$2fast$3(OCoLC)fst00920590 606 $aFood supply$2fast$3(OCoLC)fst00931196 608 $aPeriodicals.$2fast 608 $aPeriodicals.$2lcgft 615 0$aFood supply 615 0$aFamines 615 7$aFamines. 615 7$aFood supply. 676 $a363 712 02$aFamine Early Warning System Network 712 02$aUnited States.$bAgency for International Development. 801 0$bGPO 801 1$bGPO 801 2$bGPO 801 2$bDOS 801 2$bDLC 801 2$bGPO 801 2$bOCLCQ 801 2$bOCLCO 801 2$bOCLCA 801 2$bOCLCF 801 2$bINR 801 2$bOCLCO 801 2$bOCLCQ 801 2$bOCLCA 801 2$bGILDS 801 2$bOCLCQ 801 2$bOCLCL 801 2$bOCLCQ 906 $aJOURNAL 912 $a9910694487203321 996 $aFEWS NET executive overview of food security$93112216 997 $aUNINA